000 00823nam a2200253 a 4500
001 000029793
003 000029793
005 20180215084835.0
008 110426s199? dr ac 000 0 spa d
040 _aBPMET
_bspa
_cBPMET
049 _aBNPD
092 _axxxx
_bB584
245 0 3 _aEl BID en la República Dominicana.
260 _aSanto Domingo :
_bBanco Interamericano de Desarrollo,
_c[199?].
300 _a22 p. :
_bil.,gráf., retrs. ;
_c26 cm.
930 1 _lBND01
_mLF1
_820130510
_f04
_pCT
_g36847
_he.1
930 1 _lBND01
_mLF1
_820110426
_f01
_pCT
_g23530
930 1 _lBND01
_mLF1
_820110525
_f01
_pCT
_g23530
942 _2ddc
_cBK
945 _ainventariado, 2018 / dg
956 _aDGARCIA
_b10
_c20110426
_lBND01
_h0818
956 _aDGARCIA
_b10
_c20110426
_lBND01
_h0818
956 _aARIVERA
_b10
_c20110525
_lBND01
_h1220
999 _c7127
_d7127